000
003150000a22001450004500
001
005632
003
MACL
040
_a
MACL
090
_c
17625
_d
17624
245
_a
Asma ul Husna
_b
Nazeer Mirza Mohd
260
_a
Taj Uddin Tajran Kutub Lahore
350
_a
0.75
650
_a
Urdu Literature
942
_k
891
_c
Book
999
_c
17514
_d
17514